000 00418nam a2200169 a 4500
001 0000-8548
003 ELIB.Books
008 110520 1990
035 _a(ELIB.Books)0000-8693
082 _a266
_bKra
100 _aKraybill, Donald B.
245 _aThe Upside Down Kingdom
260 _bScottdale, Herald Press
_c1990
650 _aMission
942 _2ddc
_cBK
998 _cbat
_e2011-05-20
999 _c8548
_d8548